| 000 | 00615nam a2200205 a 4500 | ||
|---|---|---|---|
| 001 | 000031215 | ||
| 003 | AM-YEHGA | ||
| 005 | 20250618070940.0 | ||
| 008 | 001219s1950 ai |||||||||||||| arm d | ||
| 040 | _aAM-YeHGA | ||
| 041 | 1 | _aarm | |
| 100 | 1 | _aԱբրամով, Ս.Ն. | |
| 245 | 1 | 0 |
_aՔաղաքացիական պրոցես / _cՍ.Ն. Աբրամով. |
| 260 |
_aԵրևան : _bՀայպետհրատ, _c1950. |
||
| 300 | _a240 էջ | ||
| 440 | 0 |
_aԺողովրդական դատավորի գրադարան ; _vԳիրք 5 |
|
| 650 | 1 | 4 |
_aԻրավագիտություն _95252 |
| 942 |
_2udc _cBK |
||
| 090 | _c14692 | ||
| 999 |
_c14583 _d14583 |
||